00429nam a2200169Ia 4500003000400000005001700004008004100021020001500062050002700077100001900104245005200123260003000175300003300205440000600238521000700244526000800251OSt20140407082754.0140130s9999 xx 000 0 und d a0439693284 aQL 638.9 b.B4735 1999 aBerger, Melvin cMelvin Berger.aChomp! :ba book about sharks / bScholastic,c1999.aUSA : a40 p. :bcol. ill. ;c23 cm. v1 aG2 c410